[Event "GER-chT Lands U20"]
[Site "Tuebingen"]
[Date "2024.10.03"]
[Round "1"]
[White "Steinbrenner, Peter"]
[Black "Fischermann, Simon"]
[Result "1-0"]
[WhiteElo "1952"]
[BlackElo "1873"]
[PlyCount "77"]
[EventDate "2024.10.03"]
[EventType "team-swiss"]
[EventRounds "7"]
[EventCountry "GER"]
[SourceTitle "CB47_2024"]
[SourceDate "2024.11.20"]
[SourceVersion "1"]
[SourceVersionDate "2024.11.20"]
[SourceQuality "1"]

1. e4 e5 2. Nf3 Nc6 3. Bb5 a6 4. Ba4 Nf6 5. 0-0 Be7 6. Re1 b5 7. Bb3 d6 8. c3 0-0 9. h3 Nb8 10. d4 Nbd7 11. Nbd2 Bb7 12. Bc2 Re8 13. Nf1 Bf8 14. Ng3 g6 15. a4 c5 16. Bg5 h6 17. dxe5 hxg5 18. exf6 Qxf6 19. Qd2 Bh6 20. Nh2 Ne5 21. Qe2 c4 22. Ng4 Nxg4 23. Qxg4 Rad8 24. Ne2 Qe6 25. Qxe6 Rxe6 26. Nd4 Re5 27. axb5 axb5 28. Ra5 b4 29. Ra7 Rb8 30. cxb4 Bg7 31. Kf1 Bf6 32. b3 c3 33. Re3 Ree8 34. Nb5 Rxe4 35. Bxe4 Bxe4 36. Nxc3 Bd4 37. Ra6 Bxe3 38. Nxe4 Rxb4 39. Nf6+ 1-0

[Event "EU-ch U10"]
[Site "Prague"]
[Date "2024.08.26"]
[Round "5"]
[White "Pasca, Alexandru Daniel"]
[Black "Steinbrenner, Peter"]
[Result "0-1"]
[WhiteElo "1654"]
[BlackElo "1951"]
[PlyCount "70"]
[EventDate "2024.08.22"]
[EventType "swiss"]
[EventRounds "9"]
[EventCountry "CZE"]
[SourceTitle "CBM 221 Extra"]
[Source "ChessBase"]
[SourceDate "2024.09.30"]
[SourceVersion "1"]
[SourceVersionDate "2024.09.30"]
[SourceQuality "1"]

1. e4 c5 2. c3 Nf6 3. e5 Nd5 4. d4 cxd4 5. cxd4 e6 6. Nf3 d6 7. Nc3 Nc6 8. exd6 Bxd6 9. Bd3 Nxc3 10. bxc3 Qa5 11. Bd2 Qh5 12. Rb1 a6 13. h3 Qa5 14. Qc2 h6 15. 0-0 0-0 16. Rfe1 Qc7 17. Be3 b5 18. Qd2 f5 19. Qd1 e5 20. dxe5 Nxe5 21. Nxe5 Bxe5 22. Rc1 Bb7 23. c4 b4 24. Be2 Bc3 25. Rf1 Rad8 26. Qb3 Rf6 27. Rcd1 Re8 28. Qc2 Rg6 29. Bg4 Be4 30. Qa4 Re7 31. f3 fxg4 32. fxe4 gxh3 33. Bf4 Qc5+ 34. Kh2 hxg2 35. Rg1 Qh5# 0-1

[Event "GER-ch U10"]
[Site "Willingen"]
[Date "2024.05.24"]
[Round "9"]
[White "Steinbrenner, Peter"]
[Black "Braren, Ove Neelis"]
[Result "1-0"]
[WhiteElo "1941"]
[BlackElo "1671"]
[PlyCount "69"]
[EventDate "2024.05.19"]
[EventType "swiss"]
[EventRounds "11"]
[EventCountry "GER"]
[SourceTitle "CBM 220 Extra"]
[Source "ChessBase"]
[SourceDate "2024.07.31"]
[SourceVersion "1"]
[SourceVersionDate "2024.07.31"]
[SourceQuality "1"]

1. d4 d5 2. Nc3 Nf6 3. Bf4 e6 4. Nb5 Na6 5. e3 Bd7 6. Nf3 c5 7. dxc5 Bxc5 8. c3 0-0 9. Bd3 Bxb5 10. Bxb5 Nc7 11. Bd3 Rc8 12. 0-0 Qe7 13. Qc2 Rfd8 14. Be5 h6 15. Qb3 Bb6 16. a4 Nd7 17. a5 Bc5 18. Bg3 b6 19. Nd4 Nb8 20. Qa4 e5 21. Nf5 Qe6 22. Qg4 Ne8 23. axb6 axb6 24. e4 dxe4 25. Bxe4 Kh8 26. Qf3 b5 27. Rfe1 Rd2 28. Bb7 Rcd8 29. Rxe5 Qf6 30. Rxc5 Rxb2 31. Be5 Qg6 32. Be4 Qb6 33. Bd4 Qe6 34. h3 Qb3 35. Qg4 1-0

[Event "GER-ch U10"]
[Site "Willingen"]
[Date "2024.05.23"]
[Round "8"]
[White "Chakhalov, Mikael"]
[Black "Steinbrenner, Peter"]
[Result "1/2-1/2"]
[WhiteElo "1747"]
[BlackElo "1941"]
[PlyCount "66"]
[EventDate "2024.05.19"]
[EventType "swiss"]
[EventRounds "11"]
[EventCountry "GER"]
[SourceTitle "CBM 220 Extra"]
[Source "ChessBase"]
[SourceDate "2024.07.31"]
[SourceVersion "1"]
[SourceVersionDate "2024.07.31"]
[SourceQuality "1"]

1. e4 c5 2. Nc3 a6 3. g3 b5 4. Bg2 Bb7 5. d3 e6 6. Nge2 d5 7. exd5 exd5 8. 0-0 Be7 9. d4 c4 10. Nf4 Nf6 11. Qf3 0-0 12. Ncxd5 Kh8 13. Qe2 Nxd5 14. Nxd5 Bxd5 15. Bxd5 Qxd5 16. Qxe7 Nc6 17. Qc5 Qxc5 18. dxc5 Nb4 19. c3 Nd3 20. b4 a5 21. Ba3 axb4 22. Bxb4 Rfc8 23. Rfb1 g6 24. c6 Rxc6 25. Be7 Ra5 26. a3 Re6 27. Bd8 Ra8 28. Bg5 Ra5 29. Bd8 Ra8 30. Bg5 Ra5 31. Bd8 Ra8 32. Bg5 Ra5 33. Bd8 Ra8 1/2-1/2

[Event "GER-ch U10"]
[Site "Willingen"]
[Date "2024.05.22"]
[Round "7"]
[White "Steinbrenner, Peter"]
[Black "Gusev, Daniil Den"]
[Result "1-0"]
[WhiteElo "1941"]
[BlackElo "1731"]
[PlyCount "117"]
[EventDate "2024.05.19"]
[EventType "swiss"]
[EventRounds "11"]
[EventCountry "GER"]
[SourceTitle "CBM 220 Extra"]
[Source "ChessBase"]
[SourceDate "2024.07.31"]
[SourceVersion "1"]
[SourceVersionDate "2024.07.31"]
[SourceQuality "1"]

1. e4 c5 2. Nf3 e6 3. d4 cxd4 4. Nxd4 Nf6 5. Nc3 Nc6 6. Be3 Bb4 7. Qf3 d5 8. exd5 Nxd5 9. Nxc6 bxc6 10. Bd4 0-0 11. 0-0-0 c5 12. Nxd5 exd5 13. Bc3 Bxc3 14. Qxc3 Qg5+ 15. Kb1 d4 16. Qg3 Qd5 17. b3 Be6 18. Bc4 Qc6 19. Bxe6 fxe6 20. h4 a5 21. h5 a4 22. h6 Rf7 23. hxg7 axb3 24. cxb3 Rxg7 25. Qd3 Qa6 26. Qxa6 Rxa6 27. g3 e5 28. Rh5 Re7 29. Re1 Rae6 30. Re4 Kg7 31. Reh4 Kg8 32. Re4 Kg7 33. Rh1 Kg6 34. Rhe1 Kf5 35. Kc2 Ra6 36. a4 Rae6 37. g4+ Kf6 38. Rh1 Ra6 39. Rh6+ Kg5 40. Rxa6 Rf7 41. Rxe5+ Kxg4 42. Rxc5 Rxf2+ 43. Kd3 Rf3+ 44. Kxd4 Rxb3 45. Rh6 Rb7 46. a5 Ra7 47. a6 Kf4 48. Kc4 Rxa6 49. Rxa6 h5 50. Rxh5 Kg4 51. Rg6+ Kxh5 52. Rg1 Kh4 53. Kd4 Kh3 54. Ke3 Kh2 55. Rg8 Kh3 56. Kf4 Kh2 57. Kf3 Kh1 58. Kf2 Kh2 59. Rh8# 1-0

[Event "Heusenstamm Sparkassen op-B 9th"]
[Site "Heusenstamm"]
[Date "2023.11.26"]
[Round "6"]
[White "Hensel, Roman"]
[Black "Steinbrenner, Peter"]
[Result "0-1"]
[WhiteElo "1474"]
[BlackElo "1718"]
[PlyCount "68"]
[EventDate "2023.11.23"]
[EventType "swiss"]
[EventRounds "7"]
[EventCountry "GER"]
[SourceTitle "EXT 2025"]
[Source "ChessBase"]
[SourceDate "2024.10.14"]
[SourceVersion "1"]
[SourceVersionDate "2024.10.14"]
[SourceQuality "1"]

1. d4 Nf6 2. c4 e6 3. Nf3 Bb4+ 4. Bd2 Bxd2+ 5. Qxd2 d5 6. Nc3 0-0 7. e3 b6 8. cxd5 exd5 9. Bd3 Bb7 10. 0-0 Nbd7 11. Rac1 Rc8 12. Qe2 c5 13. Nb5 c4 14. Bb1 Ba6 15. Nc3 b5 16. Qc2 g6 17. a3 Qb6 18. Ne5 Bb7 19. f4 a5 20. Qf2 b4 21. Na4 Qd6 22. Qh4 bxa3 23. Rf3 Rfe8 24. Nxd7 Nxd7 25. f5 axb2 26. Rcf1 Nf8 27. f6 h5 28. Rg3 c3 29. Nxc3 Rxc3 30. Qg5 Rc1 31. Rh3 Rxf1+ 32. Kxf1 Nh7 33. Qh6 Qxf6+ 34. Rf3 Qg5 0-1

[Event "GER-ch U10"]
[Site "Willingen"]
[Date "2023.05.28"]
[Round "2"]
[White "Steinbrenner, Peter"]
[Black "Naumann, Lennart"]
[Result "1-0"]
[WhiteElo "1601"]
[BlackElo "1537"]
[PlyCount "57"]
[EventDate "2023.05.27"]
[EventType "swiss"]
[EventRounds "11"]
[EventCountry "GER"]
[SourceTitle "CBM 214 Extra"]
[Source "ChessBase"]
[SourceDate "2023.07.31"]
[SourceVersion "1"]
[SourceVersionDate "2023.07.31"]
[SourceQuality "1"]

1. d4 Nf6 2. Nc3 d5 3. Bf4 Bf5 4. e3 e6 5. Nb5 Bd6 6. Nxd6+ cxd6 7. Nf3 Nc6 8. c3 h6 9. Bb5 0-0 10. 0-0 Bg4 11. Be2 Nh5 12. Bg3 Nxg3 13. hxg3 e5 14. dxe5 dxe5 15. Re1 Bf5 16. Qb3 Na5 17. Qd1 Nc6 18. Qd2 Qd6 19. Bd1 Na5 20. b3 Rac8 21. c4 Rc5 22. b4 Rxc4 23. bxa5 Rfc8 24. Bb3 Rc3 25. Bxd5 Rd3 26. Qe2 e4 27. Bxb7 Rb8 28. Nd4 Bh7 29. a6 1-0

[Event "GER-ch U08"]
[Site "Willingen"]
[Date "2022.06.10"]
[Round "5"]
[White "Steinbrenner, Peter"]
[Black "Becker, Linus"]
[Result "1/2-1/2"]
[WhiteElo "1205"]
[BlackElo "1233"]
[PlyCount "78"]
[EventDate "2022.06.07"]
[EventType "swiss"]
[EventRounds "7"]
[EventCountry "GER"]
[SourceTitle "EXT 2023"]
[Source "ChessBase"]
[SourceDate "2022.10.05"]
[SourceVersion "1"]
[SourceVersionDate "2022.10.05"]
[SourceQuality "1"]

1. e4 c6 2. Nc3 d5 3. Nf3 dxe4 4. Nxe4 Nd7 5. d4 Ngf6 6. Nxf6+ Nxf6 7. Bc4 h6 8. h3 Bf5 9. 0-0 e6 10. Re1 Bd6 11. Nh4 Bh7 12. Nf3 0-0 13. b3 Bb4 14. Bd2 Bxd2 15. Qxd2 Nd5 16. Bxd5 cxd5 17. Rac1 Rc8 18. Ne5 Qb6 19. Nd7 Qa6 20. Nxf8 Kxf8 21. a4 Qd6 22. Qe3 Qb4 23. Qf4 Kg8 24. Qg4 Rxc2 25. Kh2 Qxb3 26. Qf4 Bg6 27. Rxc2 Bxc2 28. Rc1 Qxa4 29. Qb8+ Kh7 30. Qxb7 Bg6 31. Qb2 a5 32. Qc3 Qb4 33. Qc5 Qd2 34. Kg1 a4 35. Qc3 Qd3 36. Qxd3 Bxd3 37. Ra1 Bc2 38. Kf1 Kg6 39. Ke2 Kf5 1/2-1/2

[Event "GER-ch U08"]
[Site "Willingen"]
[Date "2022.06.08"]
[Round "2"]
[White "Denysko, Stephan"]
[Black "Steinbrenner, Peter"]
[Result "0-1"]
[WhiteElo "942"]
[BlackElo "1205"]
[PlyCount "112"]
[EventDate "2022.06.07"]
[EventType "swiss"]
[EventRounds "7"]
[EventCountry "GER"]
[SourceTitle "EXT 2023"]
[Source "ChessBase"]
[SourceDate "2022.10.05"]
[SourceVersion "1"]
[SourceVersionDate "2022.10.05"]
[SourceQuality "1"]

1. e4 c5 2. Nf3 Nc6 3. Bc4 e6 4. 0-0 Be7 5. Nc3 Nf6 6. d4 cxd4 7. Nxd4 0-0 8. h3 d5 9. exd5 exd5 10. Bb5 Nxd4 11. Qxd4 Be6 12. Bg5 h6 13. Bxf6 Bxf6 14. Qd2 a6 15. Be2 b5 16. Rad1 Ra7 17. Nxd5 Bxb2 18. Qe3 Rd7 19. Nb6 Bd4 20. Qe4 Qxb6 21. Bd3 f5 22. Qe2 f4 23. Rfe1 Bd5 24. Be4 Bxe4 25. Qxe4 Bxf2+ 26. Kh1 Rxd1 27. Rxd1 Bg3 28. Rd7 Qf6 29. Rd4 Rd8 30. c3 Rxd4 31. cxd4 Qf7 32. d5 Qf6 33. Qb1 Qe5 34. Qd1 Qe1+ 35. Qxe1 Bxe1 36. Kg1 Bg3 37. Kf1 Kf7 38. Ke2 Kf6 39. Kd3 Ke5 40. Kc3 Kxd5 41. Kb4 Ke4 42. Ka5 Ke3 43. Kxa6 Kf2 44. Kxb5 Kxg2 45. a4 Bf2 46. Kc4 Be3 47. Kd3 Kxh3 48. Ke2 g5 49. Kf1 g4 50. Ke2 g3 51. Kf1 g2+ 52. Ke2 g1Q 53. Kd3 Qd1+ 54. Ke4 Qd6 55. a5 Kg4 56. a6 Qd4# 0-1